| 000 | 00826nam a22001695i 4500 | ||
|---|---|---|---|
| 001 | 163012 | ||
| 003 | ES-MaACL | ||
| 005 | 20230906212640.0 | ||
| 008 | 990322s1868 sp |||| | spa d | ||
| 110 | 2 |
_aReal Academia Española de Arqueología y Geografía del Príncipe Alfonso. _9134778 |
|
| 245 | 1 | 0 |
_aReseña de los trabajos de la Academia Real de Arqueología y Geografía del Príncipe Alfonso desde 1865 hasta fin de 1867 / _credactada por Mariano Nougués Secall. |
| 260 |
_aMadrid : _b[s.n.], _c1868 ( _fAlejandro Gómez Fuentenebro) |
||
| 300 |
_a29 p. ; _c25 cm. |
||
| 610 | 2 | 4 |
_aReal Academia Española de Arqueología y Geografía del Príncipe Alfonso. _9134778 |
| 700 | 1 |
_aNougués Secall, Mariano. _9130529 |
|
| 852 | 4 |
_aES-MaACL _jT-67-F-8 _z- Enc. hol., falto de cub. original _z- Enc. en un vol. facticio |
|
| 999 |
_c163012 _d163012 |
||